000
00345 a2200157 4500
001
47756
020
_a
9788583921035
040
_c
Anchieta - Aquarius
100
_a
Kupstas, Marcia
240
1
0
_a
O misterioso baú da vovô
_l
por
245
1
0
_a
O misterioso baú da vovô
300
_a
78
362
0
_a
2017
650
4
_a
Romance
942
_c
BK
999
_c
47756
_d
47756